00197nam a2200085Ia 4500008004100000245002400041260002000065260000900085999001700094170620s9999 xx 000 0 und d 0aPositive Psychology bNew Delhi- Sage c2010 c25508d25508